[Event "Deutsche Ländermeisterschaft 2020"]
[Site "Berlin GER"]
[Date "2020.10.03"]
[Round "6"]
[White "Pikalow, Michael"]
[Black "Costa, Leonardo"]
[Result "0-1"]
[Termination "normal"]
[Board "3.4"]
[WhiteElo "2021"]
[BlackElo "2336"]
[WhiteClock "00:03:01"]
[BlackClock "00:18:51"]
[WhiteTeam "Sachsen-Anhalt"]
[BlackTeam "Bayern"]
[PlyCount "58"]
[WhiteFideId "16227638"]
[BlackFideId "16213955"]
[EventCountry "GER"]
[EventRounds "7"]
[EventType "team-swiss"]
[EventDate "2020.09.29"]

1. e4 {[%clk 1:30:57]} e5 {[%clk 1:30:55]} 2. Nf3 {[%clk 1:31:25]} Nc6 {[%clk
1:31:20]} 3. Bb5 {[%clk 1:31:53]} a6 {[%clk 1:31:45]} 4. Ba4 {[%clk 1:32:21]}
d6 {[%clk 1:32:11]} 5. O-O {[%clk 1:31:25]} Bd7 {[%clk 1:32:34]} 6. c3 {[%clk
1:27:58]} g6 {[%clk 1:32:54]} 7. d4 {[%clk 1:27:24]} Bg7 {[%clk 1:33:16]} 8.
Bg5 {[%clk 1:06:59]} Nf6 {[%clk 1:20:11]} 9. Bc2 {[%clk 1:04:22]} h6 {[%clk
1:18:56]} 10. Bxf6 {[%clk 0:49:27]} Qxf6 {[%clk 1:16:58]} 11. d5 {[%clk
0:42:48]} Ne7 {[%clk 1:17:06]} 12. Ne1 {[%clk 0:39:45]} g5 {[%clk 1:11:17]} 13.
Nd2 {[%clk 0:34:41]} h5 {[%clk 1:07:23]} 14. Nd3 {[%clk 0:32:57]} Ng6 {[%clk
1:03:33]} 15. g3 {[%clk 0:28:37]} Bh3 {[%clk 0:59:59]} 16. Re1 {[%clk 0:23:19]}
Bg4 {[%clk 0:59:13]} 17. f3 {[%clk 0:20:47]} Bd7 {[%clk 0:58:51]} 18. Rf1
{[%clk 0:20:10]} Bh6 {[%clk 0:52:35]} 19. Qe2 {[%clk 0:17:30]} Qg7 {[%clk
0:50:44]} 20. c4 {[%clk 0:14:30]} g4 {[%clk 0:45:20]} 21. Qf2 {[%clk 0:10:09]}
gxf3 {[%clk 0:36:45]} 22. Bd1 {[%clk 0:09:56]} Bh3 {[%clk 0:31:10]} 23. Re1
{[%clk 0:08:36]} h4 {[%clk 0:25:40]} 24. Bxf3 {[%clk 0:07:29]} hxg3 {[%clk
0:24:28]} 25. hxg3 {[%clk 0:07:02]} Nf4 {[%clk 0:23:43]} 26. Re3 {[%clk
0:06:01]} Nxd5 {[%clk 0:23:05]} 27. Re2 {[%clk 0:03:59]} Nf4 {[%clk 0:20:14]}
28. Re3 {[%clk 0:03:02]} Ne6 {[%clk 0:18:50]} 29. Ree1 {[%clk 0:03:01]} Bxd2
{[%clk 0:18:51]} 0-1

[Event "Deutsche Ländermeisterschaft 2020"]
[Site "Berlin GER"]
[Date "2020.10.03"]
[Round "6"]
[White "Junker, Magnus"]
[Black "Dietz, Kristin"]
[Result "0-1"]
[Termination "normal"]
[Board "3.5"]
[WhiteElo "2093"]
[BlackElo "1913"]
[WhiteClock "00:40:50"]
[BlackClock "00:24:00"]
[WhiteTeam "Bayern"]
[BlackTeam "Sachsen-Anhalt"]
[PlyCount "100"]
[WhiteFideId "16218507"]
[BlackFideId "12993743"]
[EventCountry "GER"]
[EventRounds "7"]
[EventType "team-swiss"]
[EventDate "2020.09.29"]

1. e4 {[%clk 1:30:59]} c5 {[%clk 1:30:52]} 2. Nf3 {[%clk 1:31:24]} e6 {[%clk
1:31:15]} 3. d4 {[%clk 1:31:51]} cxd4 {[%clk 1:31:37]} 4. Nxd4 {[%clk 1:32:17]}
a6 {[%clk 1:32:00]} 5. Bd3 {[%clk 1:32:43]} Nf6 {[%clk 1:31:51]} 6. c4 {[%clk
1:32:33]} Nc6 {[%clk 1:29:52]} 7. Nf3 {[%clk 1:32:54]} Qc7 {[%clk 1:30:05]} 8.
O-O {[%clk 1:33:14]} g6 {[%clk 1:28:35]} 9. Nc3 {[%clk 1:31:23]} Bg7 {[%clk
1:28:26]} 10. Qe2 {[%clk 1:31:15]} O-O {[%clk 1:28:27]} 11. Bg5 {[%clk
1:30:52]} d6 {[%clk 1:28:41]} 12. Rfd1 {[%clk 1:30:33]} b6 {[%clk 1:27:28]} 13.
Rd2 {[%clk 1:30:34]} Bb7 {[%clk 1:25:12]} 14. Rad1 {[%clk 1:30:54]} Rad8 {[%clk
1:18:21]} 15. Bb1 {[%clk 1:30:52]} Na5 {[%clk 1:14:58]} 16. b3 {[%clk 1:26:15]}
b5 {[%clk 1:08:02]} 17. e5 {[%clk 1:23:41]} dxe5 {[%clk 0:59:26]} 18. Rxd8
{[%clk 1:24:04]} Rxd8 {[%clk 0:59:51]} 19. Rxd8+ {[%clk 1:24:25]} Qxd8 {[%clk
1:00:18]} 20. cxb5 {[%clk 1:24:45]} axb5 {[%clk 0:55:52]} 21. Nxb5 {[%clk
1:23:29]} Ba6 {[%clk 0:50:35]} 22. Nxe5 {[%clk 1:17:19]} Qd5 {[%clk 0:45:22]}
23. Bd3 {[%clk 1:17:01]} Bxb5 {[%clk 0:44:49]} 24. Bxb5 {[%clk 1:16:51]} Ne4
{[%clk 0:45:07]} 25. Qc2 {[%clk 0:59:45]} Bxe5 {[%clk 0:27:41]} 26. Qc8+ {[%clk
1:00:08]} Kg7 {[%clk 0:28:07]} 27. Be7 {[%clk 1:00:29]} g5 {[%clk 0:27:39]} 28.
Qf8+ {[%clk 0:53:25]} Kg6 {[%clk 0:28:02]} 29. Qg8+ {[%clk 0:53:53]} Bg7 {[%clk
0:25:48]} 30. Bf8 {[%clk 0:50:22]} Qd4 {[%clk 0:25:53]} 31. Qxg7+ {[%clk
0:50:20]} Qxg7 {[%clk 0:26:17]} 32. Bxg7 {[%clk 0:50:45]} Kxg7 {[%clk 0:26:46]}
33. b4 {[%clk 0:51:05]} Nc3 {[%clk 0:25:43]} 34. Bd7 {[%clk 0:49:41]} Nc4
{[%clk 0:24:45]} 35. Kf1 {[%clk 0:45:53]} Kf6 {[%clk 0:24:38]} 36. b5 {[%clk
0:45:33]} Nxa2 {[%clk 0:24:51]} 37. Ke2 {[%clk 0:45:51]} Nc3+ {[%clk 0:24:18]}
38. Ke1 {[%clk 0:44:45]} Ke7 {[%clk 0:24:06]} 39. Bc6 {[%clk 0:44:25]} Ne5
{[%clk 0:23:57]} 40. Ba8 {[%clk 0:44:49]} Nxb5 {[%clk 0:24:00]} 41. f3 {[%clk
0:44:24]} Nd6 {[%clk 0:24:12]} 42. Kf2 {[%clk 0:44:07]} Kd7 {[%clk 0:24:35]}
43. g3 {[%clk 0:41:06]} Kc7 {[%clk 0:23:05]} 44. f4 {[%clk 0:40:50]} gxf4
{[%clk 0:23:26]} 45. gxf4 {[%clk 0:41:16]} Nc6 {[%clk 0:23:48]} 46. Kf3 {[%clk
0:41:00]} Nc4 {[%clk 0:24:08]} 47. Kg4 {[%clk 0:40:49]} Nb6 {[%clk 0:24:30]}
48. Bxc6 {[%clk 0:41:15]} Kxc6 {[%clk 0:24:57]} 49. Kg5 Nd5 {[%clk 0:25:10]}
50. h4 {[%clk 0:40:50]} f6+ {[%clk 0:24:00]} 0-1

[Event "Deutsche Ländermeisterschaft 2020"]
[Site "Berlin GER"]
[Date "2020.10.03"]
[Round "6"]
[White "Haubold, Sebastian Marcel"]
[Black "Bardorz, Jana"]
[Result "1-0"]
[Termination "normal"]
[Board "3.6"]
[WhiteElo "1769"]
[BlackElo "1960"]
[WhiteClock "00:18:26"]
[BlackClock "00:12:06"]
[WhiteTeam "Sachsen-Anhalt"]
[BlackTeam "Bayern"]
[PlyCount "67"]
[WhiteFideId "16259637"]
[BlackFideId "16208897"]
[EventCountry "GER"]
[EventRounds "7"]
[EventType "team-swiss"]
[EventDate "2020.09.29"]

1. e4 {[%clk 1:30:56]} e5 {[%clk 1:30:55]} 2. Nf3 {[%clk 1:31:18]} Nc6 {[%clk
1:31:21]} 3. Bb5 {[%clk 1:31:38]} a6 {[%clk 1:31:45]} 4. Ba4 {[%clk 1:32:00]}
d6 {[%clk 1:32:07]} 5. c3 {[%clk 1:31:18]} Bd7 {[%clk 1:31:48]} 6. O-O {[%clk
1:29:22]} g6 {[%clk 1:30:43]} 7. d4 {[%clk 1:28:57]} Bg7 {[%clk 1:30:48]} 8.
Re1 {[%clk 1:25:21]} Nf6 {[%clk 1:28:02]} 9. Nbd2 {[%clk 1:19:00]} O-O {[%clk
1:25:30]} 10. h3 {[%clk 1:12:20]} Re8 {[%clk 1:23:28]} 11. a3 {[%clk 1:08:22]}
b5 {[%clk 1:13:08]} 12. Bb3 {[%clk 0:59:52]} exd4 {[%clk 1:06:44]} 13. cxd4
{[%clk 1:00:10]} Na5 {[%clk 1:05:20]} 14. Ba2 {[%clk 1:00:12]} c5 {[%clk
0:58:56]} 15. e5 {[%clk 0:55:52]} Nh5 {[%clk 0:54:44]} 16. Ne4 {[%clk 0:54:01]}
dxe5 {[%clk 0:50:44]} 17. dxc5 {[%clk 0:46:59]} Be6 {[%clk 0:45:26]} 18. Nd6
{[%clk 0:43:38]} Re7 {[%clk 0:42:26]} 19. Bg5 {[%clk 0:40:42]} Bxa2 {[%clk
0:35:36]} 20. Bxe7 {[%clk 0:39:46]} Qxe7 {[%clk 0:35:48]} 21. Rxa2 {[%clk
0:40:04]} Rd8 {[%clk 0:32:02]} 22. Qc2 {[%clk 0:38:13]} Nb7 {[%clk 0:28:54]}
23. Nxb7 {[%clk 0:35:13]} Qxb7 {[%clk 0:29:19]} 24. b4 Nf4 25. Qe4 {[%clk
0:29:21]} Rd5 {[%clk 0:26:00]} 26. Rc2 {[%clk 0:25:11]} Qc6 {[%clk 0:21:22]}
27. Nd4 {[%clk 0:16:24]} exd4 {[%clk 0:18:54]} 28. Qe8+ {[%clk 0:16:49]} Qxe8
{[%clk 0:19:09]} 29. Rxe8+ {[%clk 0:17:14]} Bf8 {[%clk 0:19:31]} 30. c6 {[%clk
0:17:38]} d3 {[%clk 0:15:36]} 31. Rd2 {[%clk 0:17:32]} Ne6 {[%clk 0:14:02]} 32.
Rxe6 {[%clk 0:17:58]} Rd8 {[%clk 0:11:40]} 33. c7 {[%clk 0:18:02]} Rc8 {[%clk
0:12:06]} 34. Rc6 {[%clk 0:18:26]} 1-0

[Event "Deutsche Ländermeisterschaft 2020"]
[Site "Berlin GER"]
[Date "2020.10.03"]
[Round "6"]
[White "Aumüller, Naum"]
[Black "Voigt, Anastasia"]
[Result "1/2-1/2"]
[Termination "normal"]
[Board "3.7"]
[WhiteElo "1690"]
[BlackElo "1562"]
[WhiteClock "00:23:13"]
[BlackClock "00:28:11"]
[WhiteTeam "Bayern"]
[BlackTeam "Sachsen-Anhalt"]
[PlyCount "87"]
[WhiteFideId "16263960"]
[BlackFideId "16235223"]
[EventCountry "GER"]
[EventRounds "7"]
[EventType "team-swiss"]
[EventDate "2020.09.29"]

1. e4 {[%clk 1:30:59]} e5 {[%clk 1:30:55]} 2. Nf3 {[%clk 1:31:27]} Nc6 {[%clk
1:31:19]} 3. Bc4 {[%clk 1:31:49]} Bc5 {[%clk 1:31:44]} 4. d3 {[%clk 1:30:15]}
Nf6 {[%clk 1:32:01]} 5. Nc3 {[%clk 1:30:00]} d6 {[%clk 1:31:00]} 6. Bg5 {[%clk
1:29:43]} h6 {[%clk 1:28:41]} 7. Bxf6 {[%clk 1:29:26]} Qxf6 {[%clk 1:28:47]} 8.
Nd5 {[%clk 1:28:54]} Qd8 {[%clk 1:28:22]} 9. c3 {[%clk 1:25:44]} a6 {[%clk
1:15:10]} 10. d4 {[%clk 1:15:15]} exd4 {[%clk 1:15:21]} 11. cxd4 {[%clk
1:12:52]} Ba7 {[%clk 1:15:18]} 12. h3 {[%clk 1:06:15]} O-O {[%clk 1:04:34]} 13.
O-O {[%clk 1:00:43]} Ne7 {[%clk 0:57:45]} 14. Re1 {[%clk 0:52:42]} Nxd5 {[%clk
0:56:33]} 15. Bxd5 {[%clk 0:52:44]} c6 {[%clk 0:54:01]} 16. Bb3 {[%clk
0:49:58]} Be6 {[%clk 0:41:19]} 17. Bc2 {[%clk 0:46:01]} d5 {[%clk 0:41:09]} 18.
Qd3 {[%clk 0:41:21]} g6 {[%clk 0:38:05]} 19. Qe3 {[%clk 0:36:02]} Kg7 {[%clk
0:35:27]} 20. Rad1 {[%clk 0:32:30]} dxe4 {[%clk 0:32:12]} 21. Bxe4 {[%clk
0:30:46]} Re8 {[%clk 0:31:20]} 22. Qc3 {[%clk 0:27:56]} Kh7 {[%clk 0:29:35]}
23. Ne5 {[%clk 0:24:49]} Qf6 {[%clk 0:27:16]} 24. Bf3 {[%clk 0:18:34]} Rad8
{[%clk 0:25:56]} 25. Bg4 {[%clk 0:15:02]} Bxg4 {[%clk 0:24:26]} 26. Nxg4 {[%clk
0:15:12]} Rxe1+ {[%clk 0:22:49]} 27. Qxe1 {[%clk 0:14:59]} Qe6 {[%clk 0:19:10]}
28. Qe3 {[%clk 0:12:17]} Qxe3 {[%clk 0:14:10]} 29. fxe3 {[%clk 0:12:40]} f5
{[%clk 0:14:10]} 30. Ne5 {[%clk 0:11:43]} f4 {[%clk 0:13:30]} 31. Kf2 {[%clk
0:11:17]} fxe3+ {[%clk 0:12:46]} 32. Kxe3 {[%clk 0:11:18]} Kg7 {[%clk 0:11:42]}
33. Ke4 {[%clk 0:08:53]} Rd5 {[%clk 0:11:12]} 34. Nf3 {[%clk 0:06:43]} Kf6
{[%clk 0:10:00]} 35. a4 {[%clk 0:06:17]} g5 {[%clk 0:07:17]} 36. g4 {[%clk
0:05:04]} Ke6 {[%clk 0:06:33]} 37. Rc1 {[%clk 0:04:30]} Rd8 {[%clk 0:05:29]}
38. Rc4 {[%clk 0:03:45]} Rf8 {[%clk 0:05:19]} 39. a5 {[%clk 0:01:03]} Rf4+
{[%clk 0:02:37]} 40. Ke3 {[%clk 0:01:30]} Kd5 {[%clk 0:01:41]} 41. Rb4 {[%clk
0:29:09]} Rf7 {[%clk 0:31:36]} 42. Ra4 {[%clk 0:26:38]} Rf8 {[%clk 0:28:51]}
43. b3 {[%clk 0:24:22]} Rb8 {[%clk 0:28:11]} 44. Kd3 {[%clk 0:23:13]} 1/2-1/2

[Event "Deutsche Ländermeisterschaft 2020"]
[Site "Berlin GER"]
[Date "2020.10.03"]
[Round "6"]
[White "Schwenke, Mia"]
[Black "Reich, Elisabeth"]
[Result "1-0"]
[Termination "normal"]
[Board "3.8"]
[WhiteElo "1265"]
[BlackElo "1128"]
[WhiteClock "00:10:54"]
[BlackClock "01:54:20"]
[WhiteTeam "Sachsen-Anhalt"]
[BlackTeam "Bayern"]
[PlyCount "181"]
[WhiteFideId "16263332"]
[BlackFideId "16239776"]
[EventCountry "GER"]
[EventRounds "7"]
[EventType "team-swiss"]
[EventDate "2020.09.29"]

1. e4 {[%clk 1:30:58]} c5 {[%clk 1:30:58]} 2. Nf3 {[%clk 1:31:20]} d6 {[%clk
1:31:24]} 3. d4 {[%clk 1:31:42]} cxd4 {[%clk 1:31:50]} 4. Nxd4 {[%clk 1:31:59]}
Nf6 {[%clk 1:32:17]} 5. Nc3 {[%clk 1:32:17]} g6 {[%clk 1:32:39]} 6. Be3 {[%clk
1:32:39]} Bg7 {[%clk 1:33:01]} 7. f3 {[%clk 1:33:00]} Nc6 {[%clk 1:33:20]} 8.
Qd2 {[%clk 1:33:09]} h5 {[%clk 1:33:38]} 9. O-O-O {[%clk 1:33:08]} Bd7 {[%clk
1:33:56]} 10. h3 {[%clk 1:33:19]} h4 {[%clk 1:34:11]} 11. Be2 {[%clk 1:32:40]}
a6 {[%clk 1:33:46]} 12. f4 {[%clk 1:28:51]} Qc7 {[%clk 1:32:25]} 13. Bf3 {[%clk
1:26:21]} Rc8 {[%clk 1:31:14]} 14. Kb1 {[%clk 1:12:49]} b5 {[%clk 1:29:05]} 15.
Rc1 {[%clk 1:01:27]} b4 {[%clk 1:28:11]} 16. Nd5 {[%clk 0:56:27]} Nxd5 {[%clk
1:28:10]} 17. exd5 {[%clk 0:56:40]} Nxd4 {[%clk 1:27:29]} 18. Bxd4 {[%clk
0:56:39]} Bxd4 {[%clk 1:27:31]} 19. Qxd4 {[%clk 0:56:55]} Rg8 {[%clk 1:27:43]}
20. Qxb4 {[%clk 0:52:44]} Rb8 {[%clk 1:24:06]} 21. Qd4 {[%clk 0:49:46]} Qa5
{[%clk 1:20:59]} 22. Rhe1 {[%clk 0:44:31]} Qb4 {[%clk 1:19:23]} 23. Qxb4 {[%clk
0:44:27]} Rxb4 {[%clk 1:19:25]} 24. Re4 {[%clk 0:44:33]} Rb6 {[%clk 1:18:52]}
25. Rce1 {[%clk 0:44:21]} e6 {[%clk 1:18:48]} 26. dxe6 {[%clk 0:40:40]} Bxe6
{[%clk 1:17:59]} 27. Bg4 {[%clk 0:37:48]} d5 {[%clk 1:17:50]} 28. Re5 {[%clk
0:33:14]} Kd7 {[%clk 1:17:42]} 29. Rxd5+ {[%clk 0:28:38]} Kc7 {[%clk 1:17:41]}
30. Bxe6 {[%clk 0:27:34]} fxe6 {[%clk 1:17:49]} 31. Rde5 {[%clk 0:24:08]} Kd7
{[%clk 1:17:31]} 32. Rd1+ {[%clk 0:22:53]} Kc7 {[%clk 1:17:31]} 33. Rc5+ {[%clk
0:22:13]} Kb8 {[%clk 1:17:23]} 34. a3 {[%clk 0:15:13]} Rf8 {[%clk 1:16:21]} 35.
Rd4 {[%clk 0:14:31]} Kb7 {[%clk 1:16:13]} 36. Rcc4 {[%clk 0:09:26]} Rb5 {[%clk
1:15:44]} 37. Rb4 {[%clk 0:06:31]} Rh8 {[%clk 1:15:00]} 38. Rxb5+ {[%clk
0:04:56]} axb5 {[%clk 1:15:15]} 39. Rd6 {[%clk 0:04:34]} Re8 {[%clk 1:15:09]}
40. Rd7+ {[%clk 0:03:37]} Kc8 {[%clk 1:15:08]} 41. Rg7 {[%clk 0:03:34]} Rf8
{[%clk 1:15:07]} 42. Rxg6 {[%clk 0:01:44]} Rxf4 {[%clk 1:15:27]} 43. Rxe6
{[%clk 0:30:10]} Rf1+ {[%clk 1:45:47]} 44. Ka2 {[%clk 0:30:33]} Rf2 {[%clk
1:46:11]} 45. c3 {[%clk 0:30:13]} Rxg2 {[%clk 1:46:29]} 46. Re4 {[%clk
0:30:19]} Kb7 {[%clk 1:46:26]} 47. Rxh4 {[%clk 0:30:31]} Rh2 {[%clk 1:46:49]}
48. Rh7+ {[%clk 0:27:57]} Kb6 {[%clk 1:47:09]} 49. h4 {[%clk 0:28:02]} Kc5
{[%clk 1:47:15]} 50. h5 {[%clk 0:22:07]} Kc4 {[%clk 1:47:36]} 51. Rd7 {[%clk
0:17:46]} Rxh5 {[%clk 1:47:42]} 52. Rd4+ {[%clk 0:18:04]} Kc5 {[%clk 1:47:52]}
53. a4 {[%clk 0:16:25]} bxa4 {[%clk 1:48:12]} 54. Rxa4 {[%clk 0:16:41]} Rh2
{[%clk 1:48:33]} 55. Kb3 {[%clk 0:16:14]} Rh3 {[%clk 1:48:54]} 56. Ra5+ {[%clk
0:15:09]} Kb6 {[%clk 1:49:10]} 57. Kb4 {[%clk 0:15:17]} Rh2 {[%clk 1:49:22]}
58. b3 {[%clk 0:15:14]} Rh4+ {[%clk 1:49:48]} 59. c4 {[%clk 0:15:32]} Rg4
{[%clk 1:50:05]} 60. Rb5+ {[%clk 0:15:35]} Kc6 {[%clk 1:49:59]} 61. Re5 {[%clk
0:13:13]} Kd6 {[%clk 1:49:51]} 62. Ra5 {[%clk 0:13:14]} Kc6 {[%clk 1:50:07]}
63. Ra6+ {[%clk 0:13:35]} Kb7 {[%clk 1:50:23]} 64. Kb5 {[%clk 0:13:50]} Rg5+
{[%clk 1:50:13]} 65. c5 {[%clk 0:14:06]} Rxc5+ {[%clk 1:50:38]} 66. Kxc5 {[%clk
0:14:28]} Kxa6 {[%clk 1:51:03]} 67. b4 {[%clk 0:14:00]} Ka7 {[%clk 1:51:04]}
68. Kc6 {[%clk 0:08:11]} Kb8 {[%clk 1:50:34]} 69. Kb6 {[%clk 0:07:44]} Ka8
{[%clk 1:50:54]} 70. Kc7 {[%clk 0:07:02]} Ka7 {[%clk 1:51:11]} 71. b5 {[%clk
0:07:11]} Ka8 {[%clk 1:51:16]} 72. Kb6 {[%clk 0:07:28]} Kb8 {[%clk 1:51:31]}
73. Kc6 {[%clk 0:07:39]} Ka7 {[%clk 1:51:04]} 74. Kc7 {[%clk 0:05:53]} Ka8
{[%clk 1:51:07]} 75. Kb6 {[%clk 0:05:14]} Kb8 {[%clk 1:49:29]} 76. Ka6 {[%clk
0:05:39]} Ka8 {[%clk 1:49:44]} 77. b6 {[%clk 0:06:00]} Kb8 {[%clk 1:50:10]} 78.
b7 {[%clk 0:06:26]} Kc7 {[%clk 1:50:27]} 79. Ka7 {[%clk 0:06:54]} Kc6 {[%clk
1:50:46]} 80. b8=Q {[%clk 0:07:19]} Kd7 {[%clk 1:51:11]} 81. Qb6 {[%clk
0:07:38]} Ke7 {[%clk 1:51:33]} 82. Qc6 {[%clk 0:07:57]} Kf7 {[%clk 1:51:58]}
83. Qd6 {[%clk 0:08:19]} Ke8 {[%clk 1:52:19]} 84. Kb7 {[%clk 0:08:40]} Kf7
{[%clk 1:52:40]} 85. Kc7 {[%clk 0:09:04]} Kg7 {[%clk 1:52:53]} 86. Kd7 {[%clk
0:09:25]} Kf7 {[%clk 1:53:16]} 87. Qe6+ {[%clk 0:09:48]} Kg7 {[%clk 1:53:36]}
88. Ke7 {[%clk 0:10:09]} Kh8 {[%clk 1:53:48]} 89. Qg4 {[%clk 0:10:32]} Kh7
{[%clk 1:53:59]} 90. Kf7 {[%clk 0:10:54]} Kh6 {[%clk 1:54:20]} 91. Qg6# 1-0

[Event "Deutsche Ländermeisterschaft 2020"]
[Site "Berlin GER"]
[Date "2020.10.03"]
[Round "6"]
[White "Weishäutel, Moritz"]
[Black "Färber, David"]
[Result "0-1"]
[Termination "normal"]
[Board "4.1"]
[WhiteElo "2222"]
[BlackElo "2321"]
[WhiteClock "00:13:11"]
[BlackClock "00:05:39"]
[WhiteTeam "Thüringen"]
[BlackTeam "Baden"]
[PlyCount "108"]
[WhiteFideId "12967300"]
[BlackFideId "12971294"]
[EventCountry "GER"]
[EventRounds "7"]
[EventType "team-swiss"]
[EventDate "2020.09.29"]

1. e4 {[%clk 1:30:57]} c5 {[%clk 1:30:55]} 2. Nf3 {[%clk 1:31:23]} Nc6 {[%clk
1:31:03]} 3. d4 {[%clk 1:31:48]} cxd4 {[%clk 1:31:28]} 4. Nxd4 {[%clk 1:32:15]}
e6 {[%clk 1:31:37]} 5. Nc3 {[%clk 1:32:39]} Qc7 {[%clk 1:32:01]} 6. Be3 {[%clk
1:32:59]} a6 {[%clk 1:32:26]} 7. Qf3 {[%clk 1:33:21]} Nf6 {[%clk 1:31:48]} 8.
O-O-O {[%clk 1:33:21]} Ne5 {[%clk 1:31:55]} 9. Qg3 {[%clk 1:33:36]} b5 {[%clk
1:32:17]} 10. a3 {[%clk 1:33:43]} Bb7 {[%clk 1:28:32]} 11. f3 {[%clk 1:34:07]}
Rc8 {[%clk 1:28:49]} 12. Kb1 {[%clk 1:33:00]} h5 {[%clk 1:27:27]} 13. h4 {[%clk
0:54:31]} Nc4 {[%clk 1:27:23]} 14. Qxc7 {[%clk 0:54:53]} Rxc7 {[%clk 1:27:48]}
15. Bxc4 {[%clk 0:55:12]} Rxc4 {[%clk 1:17:56]} 16. Nb3 {[%clk 0:53:12]} Rc8
{[%clk 1:17:36]} 17. Bd4 {[%clk 0:52:14]} d6 {[%clk 1:14:01]} 18. Ne2 {[%clk
0:43:51]} Be7 {[%clk 0:59:40]} 19. Bxf6 {[%clk 0:40:54]} gxf6 {[%clk 0:58:59]}
20. Nf4 {[%clk 0:40:57]} Kd7 {[%clk 0:43:25]} 21. Rh2 {[%clk 0:37:54]} Kc7
{[%clk 0:40:35]} 22. Nd2 {[%clk 0:35:04]} Rcg8 {[%clk 0:36:26]} 23. Nf1 {[%clk
0:35:14]} Bf8 {[%clk 0:36:14]} 24. Rd3 {[%clk 0:26:33]} d5 {[%clk 0:29:19]} 25.
exd5 {[%clk 0:24:37]} Bd6 {[%clk 0:29:38]} 26. g3 {[%clk 0:25:02]} Bxf4 {[%clk
0:28:36]} 27. gxf4 {[%clk 0:25:31]} Bxd5 {[%clk 0:28:50]} 28. Rh1 {[%clk
0:24:56]} Bc6 {[%clk 0:21:42]} 29. Nd2 {[%clk 0:21:59]} Rg2 {[%clk 0:21:54]}
30. Ne4 {[%clk 0:20:28]} Bxe4 {[%clk 0:20:11]} 31. fxe4 {[%clk 0:20:56]} Rd8
{[%clk 0:18:55]} 32. Rhd1 {[%clk 0:18:02]} Rxd3 {[%clk 0:18:55]} 33. Rxd3
{[%clk 0:18:31]} Rg4 {[%clk 0:18:52]} 34. e5 {[%clk 0:17:08]} Rxh4 {[%clk
0:15:11]} 35. Rf3 {[%clk 0:17:37]} f5 {[%clk 0:14:40]} 36. Ka2 {[%clk 0:16:29]}
Kc6 {[%clk 0:14:16]} 37. Kb3 {[%clk 0:15:53]} Kd5 {[%clk 0:14:31]} 38. Kb4
{[%clk 0:15:40]} Ke4 {[%clk 0:14:46]} 39. Rb3 {[%clk 0:16:07]} Kxf4 {[%clk
0:08:02]} 40. Ka5 {[%clk 0:16:31]} Kxe5 {[%clk 0:08:03]} 41. Kxa6 {[%clk
0:16:55]} Rc4 {[%clk 0:07:43]} 42. Kxb5 {[%clk 0:11:04]} Rxc2 {[%clk 0:08:01]}
43. a4 {[%clk 0:11:24]} h4 {[%clk 0:07:28]} 44. a5 {[%clk 0:11:12]} h3 {[%clk
0:07:46]} 45. Rxh3 {[%clk 0:10:33]} Rxb2+ {[%clk 0:08:11]} 46. Kc6 {[%clk
0:10:55]} Ra2 {[%clk 0:07:32]} 47. Kb6 {[%clk 0:11:20]} f4 {[%clk 0:05:38]} 48.
a6 {[%clk 0:11:48]} Ke4 {[%clk 0:05:08]} 49. a7 {[%clk 0:12:12]} f3 {[%clk
0:04:41]} 50. Rh6 {[%clk 0:11:48]} f2 {[%clk 0:04:21]} 51. Rf6 {[%clk 0:12:15]}
Ke3 {[%clk 0:04:38]} 52. Kb7 {[%clk 0:12:19]} Ke2 {[%clk 0:04:56]} 53. a8=R
{[%clk 0:12:44]} Rxa8 {[%clk 0:05:19]} 54. Kxa8 {[%clk 0:13:11]} f1=Q {[%clk
0:05:39]} 0-1

[Event "Deutsche Ländermeisterschaft 2020"]
[Site "Berlin GER"]
[Date "2020.10.03"]
[Round "6"]
[White "Nguyen, Huy Dat"]
[Black "Wu, Luka"]
[Result "1-0"]
[Termination "normal"]
[Board "4.3"]
[WhiteElo "2166"]
[BlackElo "2019"]
[WhiteClock "00:19:08"]
[BlackClock "00:04:22"]
[WhiteTeam "Thüringen"]
[BlackTeam "Baden"]
[PlyCount "105"]
[WhiteFideId "12923486"]
[BlackFideId "12977420"]
[EventCountry "GER"]
[EventRounds "7"]
[EventType "team-swiss"]
[EventDate "2020.09.29"]

1. e4 {[%clk 1:30:58]} c5 {[%clk 1:30:54]} 2. Nf3 {[%clk 1:31:19]} d6 {[%clk
1:31:18]} 3. Bc4 {[%clk 1:31:44]} a6 {[%clk 1:26:50]} 4. a4 {[%clk 1:31:47]}
Nf6 {[%clk 1:26:56]} 5. d3 {[%clk 1:31:41]} Bg4 {[%clk 1:26:48]} 6. e5 {[%clk
1:25:18]} d5 {[%clk 1:16:53]} 7. Bb3 {[%clk 1:25:09]} Ng8 {[%clk 1:16:29]} 8.
h3 {[%clk 1:22:35]} Bh5 {[%clk 1:14:13]} 9. g4 {[%clk 1:18:29]} Bg6 {[%clk
1:14:32]} 10. Bg5 {[%clk 1:17:41]} h6 {[%clk 1:12:39]} 11. Bh4 {[%clk 1:13:22]}
Qa5+ {[%clk 1:12:29]} 12. Nbd2 {[%clk 1:11:46]} e6 {[%clk 1:12:39]} 13. Qe2
{[%clk 1:10:39]} Ne7 {[%clk 1:06:58]} 14. Bg3 {[%clk 1:05:42]} Nec6 {[%clk
1:02:31]} 15. c3 {[%clk 1:04:36]} Nd7 {[%clk 1:00:49]} 16. O-O {[%clk 1:02:54]}
Be7 {[%clk 0:59:14]} 17. Bc2 {[%clk 1:00:20]} Qc7 {[%clk 0:54:28]} 18. Rfc1
{[%clk 0:55:07]} Ra7 {[%clk 0:45:35]} 19. d4 {[%clk 0:54:16]} Bxc2 {[%clk
0:44:41]} 20. Rxc2 {[%clk 0:54:40]} c4 {[%clk 0:44:54]} 21. Nf1 {[%clk
0:52:41]} b5 {[%clk 0:45:04]} 22. N3h2 {[%clk 0:45:59]} Qa5 {[%clk 0:22:45]}
23. f4 {[%clk 0:44:50]} bxa4 {[%clk 0:22:23]} 24. f5 {[%clk 0:44:12]} g6 {[%clk
0:21:01]} 25. Qf3 {[%clk 0:40:33]} a3 {[%clk 0:17:15]} 26. bxa3 {[%clk
0:40:11]} Nb6 {[%clk 0:16:06]} 27. a4 {[%clk 0:37:05]} Rb7 {[%clk 0:05:46]} 28.
Be1 {[%clk 0:34:47]} Nd7 {[%clk 0:04:53]} 29. Ne3 {[%clk 0:30:28]} Rb3 {[%clk
0:04:34]} 30. Nxc4 {[%clk 0:28:36]} Qc7 {[%clk 0:02:53]} 31. Nd6+ {[%clk
0:27:41]} Bxd6 {[%clk 0:03:02]} 32. exd6 {[%clk 0:28:07]} Qxd6 {[%clk 0:03:26]}
33. Bg3 {[%clk 0:26:13]} Qe7 {[%clk 0:03:48]} 34. fxe6 {[%clk 0:25:39]} fxe6
{[%clk 0:04:07]} 35. Qd3 {[%clk 0:24:56]} Rg8 {[%clk 0:00:52]} 36. Qxa6 {[%clk
0:15:35]} Nxd4 {[%clk 0:01:10]} 37. Bd6 {[%clk 0:13:54]} Rb6 {[%clk 0:00:51]}
38. Qc8+ {[%clk 0:12:04]} Qd8 {[%clk 0:01:09]} 39. cxd4 {[%clk 0:11:30]} Rxd6
{[%clk 0:01:29]} 40. Rf1 {[%clk 0:08:06]} Ke7 {[%clk 0:01:24]} 41. Qc3 {[%clk
0:06:20]} Qb6 {[%clk 0:25:52]} 42. a5 {[%clk 0:33:22]} Qa7 {[%clk 0:26:01]} 43.
Rcf2 {[%clk 0:32:37]} Rf8 {[%clk 0:26:06]} 44. Nf3 {[%clk 0:28:07]} Rf4 {[%clk
0:08:06]} 45. Kg2 {[%clk 0:20:18]} g5 {[%clk 0:06:30]} 46. Qa3 {[%clk 0:19:45]}
Qc7 {[%clk 0:04:30]} 47. a6 {[%clk 0:17:56]} Qa7 {[%clk 0:03:40]} 48. Ne5
{[%clk 0:17:23]} Qxa6 {[%clk 0:03:12]} 49. Qxa6 Rxa6 {[%clk 0:03:31]} 50. Ng6+
{[%clk 0:18:04]} Kd6 {[%clk 0:03:51]} 51. Nxf4 {[%clk 0:18:29]} gxf4 {[%clk
0:04:17]} 52. Rxf4 {[%clk 0:18:55]} e5 {[%clk 0:04:22]} 53. Rf6+ {[%clk
0:19:08]} 1-0